<?xml version="1.0" encoding="UTF-8"?>
<record
    xmlns:xsi="http://www.w3.org/2001/XMLSchema-instance"
    xsi:schemaLocation="http://www.loc.gov/MARC21/slim http://www.loc.gov/standards/marcxml/schema/MARC21slim.xsd"
    xmlns="http://www.loc.gov/MARC21/slim">

  <leader>02019    a2200253   4500</leader>
  <datafield tag="010" ind1=" " ind2=" ">
    <subfield code="a">ENG-86172</subfield>
  </datafield>
  <datafield tag="020" ind1=" " ind2=" ">
    <subfield code="a">9780761935711</subfield>
    <subfield code="c">395.00</subfield>
  </datafield>
  <datafield tag="020" ind1=" " ind2=" ">
    <subfield code="a">9788178297323</subfield>
  </datafield>
  <datafield tag="035" ind1=" " ind2=" ">
    <subfield code="a">EN-69705</subfield>
  </datafield>
  <datafield tag="037" ind1=" " ind2=" ">
    <subfield code="b">D.B.Act / Pub</subfield>
  </datafield>
  <datafield tag="082" ind1="1" ind2="4">
    <subfield code="a">305.5688</subfield>
  </datafield>
  <datafield tag="090" ind1=" " ind2=" ">
    <subfield code="c">4205</subfield>
    <subfield code="d">4205</subfield>
  </datafield>
  <datafield tag="245" ind1="1" ind2=" ">
    <subfield code="a">Dalits in modern India</subfield>
    <subfield code="b">vision and values</subfield>
    <subfield code="c">editor S.M. Michael.</subfield>
  </datafield>
  <datafield tag="250" ind1=" " ind2=" ">
    <subfield code="a">2nd ed.</subfield>
  </datafield>
  <datafield tag="260" ind1=" " ind2=" ">
    <subfield code="a">New Delhi</subfield>
    <subfield code="b">Sage Publications,</subfield>
    <subfield code="c">2007.</subfield>
  </datafield>
  <datafield tag="300" ind1=" " ind2=" ">
    <subfield code="a">369 p.</subfield>
    <subfield code="c">22 cm. (Pbk)</subfield>
  </datafield>
  <datafield tag="500" ind1=" " ind2=" ">
    <subfield code="a">Originally published: Untouchable. Boulder, Colo. : Lynne Rienner, 1999.</subfield>
  </datafield>
  <datafield tag="500" ind1=" " ind2=" ">
    <subfield code="a">Untouchability and stratification in Indian civilisation / Shrirama -- Who is a Dalit? / John C.B. Webster -- Colonialism within colonialism : Phule's critique of Brahmin power / Mahesh Gavaskar -- Dalit vision of a just society in India / S.M. Michael -- Ambedkar, Buddhism, and the concept of religion / Timothy Fitzgerald -- The Dalit movement in mainstream sociology / Gopal Guru -- Liberation movements in comparative perspective : Dalit Indians and black Americans / K.P. Singh -- Sociology of India and Hinduism : towards a Method / S. Selvam -- Hinduisation of Adivasis : a case study from South Gujarat / Arjun Patel -- Ambedkar's daughters : a study of Mahar women in Ahmednagar District of Maharashtra / Traude Pillai-Vetschera -- The BSP in Uttar Pradesh : party of the Dalits or of the Bahujans or catchall Party? / Christophe Jaffrelot -- Ambedkar's interpretation of caste system, its economic consequences and suggested remedies / Sukhadeo Thorat -- Dalits and economic policy : contributions of Dr. B.R. Ambedkar / Gail Omvedt -- Reservation policy and the empowerment of Dalits / P.G. Jogdand -- Scheduled castes, employment, and social mobility / Richard Pais.</subfield>
  </datafield>
  <datafield tag="650" ind1=" " ind2="0">
    <subfield code="a">Dalits</subfield>
    <subfield code="z">India</subfield>
    <subfield code="x">Political activity.</subfield>
  </datafield>
  <datafield tag="651" ind1=" " ind2="0">
    <subfield code="a">India</subfield>
    <subfield code="x">Politics and government</subfield>
    <subfield code="y">20th century.</subfield>
  </datafield>
  <datafield tag="700" ind1="1" ind2=" ">
    <subfield code="a">Michael, S. M.</subfield>
  </datafield>
  <datafield tag="942" ind1=" " ind2=" ">
    <subfield code="a">dpl</subfield>
    <subfield code="c">EN</subfield>
    <subfield code="k">305.5688 / DAL</subfield>
  </datafield>
  <datafield tag="999" ind1=" " ind2=" ">
    <subfield code="c">4122</subfield>
    <subfield code="d">4122</subfield>
  </datafield>
  <datafield tag="952" ind1=" " ind2=" ">
    <subfield code="0">0</subfield>
    <subfield code="1">0</subfield>
    <subfield code="2">ddc</subfield>
    <subfield code="4">0</subfield>
    <subfield code="7">1</subfield>
    <subfield code="8">NFIC</subfield>
    <subfield code="a">DBAD</subfield>
    <subfield code="b">DBAD</subfield>
    <subfield code="e">DBAD/PUB</subfield>
    <subfield code="g">395.00</subfield>
    <subfield code="l">0</subfield>
    <subfield code="o">305.5688 DAL</subfield>
    <subfield code="p">EN-69705</subfield>
    <subfield code="r">2008-09-15 00:00:00</subfield>
    <subfield code="t">1</subfield>
    <subfield code="u">4369</subfield>
    <subfield code="v">395.00</subfield>
    <subfield code="w">2008-09-15</subfield>
    <subfield code="y">EN</subfield>
  </datafield>
</record>
